000 01640nam a2200241Ia 4500
008 260220t1972||||xx |||||||||||||| ||spa||
040 _aPY-SlUNAC
_bspa
_erda
041 _aspa
082 _a813
_bB855m
100 _aBuck, Pearl S.
_eAutor
245 0 _aLas mujeres Kennedy /
_cpor Pearl S. Buck [Autor]
264 _aBarcelona :
_bDopesa,
_c℗1972.
300 _a1 volumen
520 _a"Las mujeres Kennedy" de Pearl S. Buck es una exploración profunda de la vida de las figuras femeninas que rodearon a la influyente familia Kennedy, reflexionando sobre su papel en la historia política y social de Estados Unidos. A través de una narrativa vívida y detallada, Buck presenta las historias de estas mujeres, desde sus luchas personales hasta sus contribuciones significativas al legado familiar. El libro no solo aborda las dinámicas internas de la familia, sino que también contextualiza sus experiencias en el marco de los cambios sociales del siglo XX. Buck destaca la resiliencia, la inteligencia y la complejidad emocional de estas mujeres, revelando cómo sus decisiones y acciones influyeron en el desarrollo de la familia y, por extensión, en la sociedad americana. Este estudio proporciona una mirada crítica a las expectativas de género y el impacto de la historia en las vidas individuales, reafirmando la importancia de las voces femeninas en la narrativa histórica.
653 _aBiografía
653 _aHistoria
653 _aMujer
942 _b2026/02/17
_cBK
999 _c8991
_d8991